000 00690nam a2200289Ia 4500
005 20260324141401.0
008 008 260324s9999 xx 000 0 eng d
020 _a9781003417903
037 _aEBOOK
040 _aCRL
040 _beng
040 _cCRL
041 _2eng
041 _aeng
084 _qCRL
100 _aWayne Wanta
_91207987
245 4 _aThe Public and the National Agenda
245 0 _bHow People Learn About Important Issues
260 _bTaylor and Francis
260 _c1997
365 _a
365 _b145
856 _uhttp://www.taylorfrancis.com/books/9781003417903
942 _cEBOOK
999 _c1811019
_d1811019